| 000 | 00886nam a2200253 a 4500 | ||
|---|---|---|---|
| 001 | BRCA_156 | ||
| 005 | 20190320202914.0 | ||
| 008 | 920831s1990 mx-a---##b---f000-0#spa-# | ||
| 020 | _a9688102500 | ||
| 040 |
_aDLC _cDLC _dDLC |
||
| 050 | 4 |
_aNA5257.M4 _b.T53 1990 |
|
| 245 | 1 | 0 |
_aTlatelolco _ccoordinación general Patricia Galeana ; fotografía Jorge Pablo de Aguinaco. |
| 260 |
_aMéxico _bSecretaría de Relaciones Exteriores _c1990 |
||
| 300 |
_a99, [2] p. _bil. (algunas a color) _c31 cm. |
||
| 504 | _aBibliografía: p. 101-102 | ||
| 650 | 1 | 4 |
_aArquitectura _zMéxico _9596 |
| 650 | 1 | 4 |
_aArte indígena _zMéxico _9597 |
| 651 | 4 |
_aTlatelolco (México) _xHistoria _9598 |
|
| 651 | 4 |
_aTlatelolco (México) _xEdificios, estructuras, etc. _9599 |
|
| 653 | 0 | _aIglesia de Santiago Apostol | |
| 700 | 1 |
_aAguinaco, Jorge Pablo de _9600 |
|
| 700 | 1 |
_aGaleana, Patricia _9601 |
|
| 942 |
_2lcc _cB |
||
| 999 |
_c135 _d135 |
||